A JOLT from the blue : Jamaican fraudsters using telemarketing to target U.S. consumers.

Bibliographic Details
Corporate Author: United States. Federal Trade Commission. Division of Consumer and Business Education
Format: Government Document eBook
Language:English
Published: [Washington, D.C.] : Federal Trade Commission, Bureau of Consumer Protection, Division of Consumer & Business Education, [2009]
Series:FTC consumer alert.
Subjects:
Online Access:https://purl.fdlp.gov/GPO/gpo17844

MARC

Tag First Indicator Second Indicator Subfields
LEADER 00000cam a2200000 a 4500
001 in00002725621
005 20211120163923.0
006 m d f
007 cr bn|||||||||
008 120119s2009 dcu o f000 0 eng c
035 |a (OCoLC)ocn773279494 
040 |a GPO  |c GPO  |d MvI  |d UtOrBLW 
042 |a pcc 
043 |a n-us---  |a nwjm--- 
049 |a WWW 
074 |a 0535-A-05 (online) 
086 0 |a FT 1.32/4:J 68 
245 0 2 |a A JOLT from the blue :  |b Jamaican fraudsters using telemarketing to target U.S. consumers. 
264 1 |a [Washington, D.C.] :  |b Federal Trade Commission, Bureau of Consumer Protection, Division of Consumer & Business Education,  |c [2009] 
300 |a 1 online resource (2 unnumbered pages). 
336 |a text  |b txt  |2 rdacontent 
337 |a computer  |b c  |2 rdamedia 
338 |a online resource  |b cr  |2 rdacarrier 
490 1 |a FTC consumer alert 
500 |a Title from title screen (viewed on Jan. 19, 2012). 
500 |a "May 2009." 
500 |a Electronic resource. 
650 0 |a Telemarketing  |x Corrupt practices  |z United States  |x Prevention. 
650 0 |a Telemarketing  |x Corrupt practices  |z Jamaica  |x Prevention. 
650 0 |a Fraud  |z United States  |x Prevention. 
650 0 |a Fraud  |z Jamaica  |x Prevention. 
650 0 |a Consumer protection  |z United States. 
710 1 |a United States.  |b Federal Trade Commission.  |b Division of Consumer and Business Education. 
830 0 |a FTC consumer alert. 
856 4 0 |u https://purl.fdlp.gov/GPO/gpo17844  |t 0 
999 |a MARS 
999 f f |s df23ab33-a080-36f3-9091-ab85bcfea2cb  |i 585a2689-8ba1-32cf-b5cb-4b1357acf39b  |t 0 
952 f f |a Texas A&M University  |b College Station  |c Electronic Resources  |d Available Online  |t 0  |e FT 1.32/4:J 68  |h Superintendent of Documents classification 
998 f f |a FT 1.32/4:J 68  |t 0  |l Available Online